| 000 | 00595nam a2200193 u 4500 | ||
|---|---|---|---|
| 005 | 20220812064020.0 | ||
| 008 | 090625s2005 es r 000 0 spa d | ||
| 020 | _a8484651703 | ||
| 035 | _aUPN01000171490 | ||
| 049 | _aCG | ||
| 050 | 4 |
_aLB1027 _bM6.26 |
|
| 100 | 1 | _aMonge Crespo, María Concepción | |
| 245 | 1 | 0 |
_aAprender y desaprender con nuevas tecnologías : _bpropuesta didáctica / _cMa. Concepción Monge Crespo. |
| 260 |
_aZaragoza, Esp. : _bMira, _c2005. |
||
| 300 |
_a355 p. : _bcuadros |
||
| 440 | 0 | _aPsicopedagogía | |
| 650 | 4 |
_aInnovaciones educativas _9386 |
|
| 905 | _aLibro | ||
| 999 |
_c143595 _d143595 |
||